|
|
|
|
| LEADER |
00819nam a22001697a 4500 |
| 008 |
130723b xxu||||| |||| 00| 0 eng d |
| 082 |
|
|
|a 320.54092
|
| 240 |
|
|
|a A. K. G. oru ormappusthakam
|
| 245 |
|
|
|a എ. കെ. ജി. കുഞ്ഞമ്പു ഒരു ഒാര്മ്മപ്പുസ്തകം
|c മണികണ്ഠന് നരിമാടിക്കാല്
|
| 300 |
|
|
|a 82p.
|
| 600 |
|
|
|a Gopalan, A. K.
|
| 600 |
|
|
|a A. K. G.
|
| 700 |
|
|
|a നരിമാടിക്കാല്, മണികണ്ഠന്
|e എഡിറ്റര്
|
| 700 |
|
|
|a Narimadikkal, Manikandan
|e editor.
|
| 942 |
|
|
|2 ddc
|c BK
|
| 999 |
|
|
|c 1725
|d 1725
|
| 952 |
|
|
|0 0
|1 0
|2 ddc
|4 0
|6 923_205320000000000_GOP_NAR
|7 0
|9 1902
|a MAIN
|b MAIN
|d 2013-07-23
|e Haritham Books
|g 70.00
|o 923.20532 GOP/NAR
|p 2012
|r 2013-07-23
|w 2013-07-23
|y BK
|